[Event "ODJM B 2018"]
[Site "Willingen GER"]
[Date "2018.05.21"]
[Round "3"]
[White "Weimert, Miriam"]
[Black "Klühs, Gustaf"]
[Result "1/2-1/2"]
[Termination "normal"]
[Board "11"]
[WhiteElo "1797"]
[BlackElo "1740"]
[WhiteClock "00:09:01"]
[BlackClock "00:50:19"]
[PlyCount "85"]
[WhiteFideId "12966703"]
[BlackFideId "16228936"]
[EventCountry "GER"]
[EventRounds "9"]
[EventType "swiss"]
[EventDate "2018.05.19"]

1. e4 {[%clk 1:30:58]} 1... e6 {[%clk 1:30:55]} 2. d4 {[%clk 1:31:23]} 2... d5
{[%clk 1:31:20]} 3. Nc3 {[%clk 1:31:35]} 3... Bb4 {[%clk 1:31:12]} 4. Nge2 {
[%clk 1:28:12]} 4... dxe4 {[%clk 1:27:08]} 5. a3 {[%clk 1:28:17]} 5... Be7 {
[%clk 1:27:30]} 6. Nxe4 {[%clk 1:28:36]} 6... Nf6 {[%clk 1:26:37]} 7. N2g3 {
[%clk 1:25:42]} 7... Nbd7 {[%clk 1:23:47]} 8. Bd3 {[%clk 1:22:47]} 8... b6 {
[%clk 1:22:34]} 9. Qf3 {[%clk 1:06:37]} 9... Rb8 {[%clk 1:19:17]} 10. Nh5 {
[%clk 0:58:08]} 10... Nxh5 {[%clk 1:10:44]} 11. Qxh5 {[%clk 0:57:19]} 11... Nf6
{[%clk 1:09:10]} 12. Nxf6+ {[%clk 0:55:48]} 12... Bxf6 {[%clk 1:06:47]} 13. c3
{[%clk 0:55:54]} 13... Qd5 {[%clk 1:02:23]} 14. Qxd5 {[%clk 0:53:45]} 14...
exd5 {[%clk 1:02:35]} 15. Bf4 {[%clk 0:54:07]} 15... Bd8 {[%clk 1:01:43]} 16.
O-O {[%clk 0:51:38]} 16... O-O {[%clk 1:01:37]} 17. Rfe1 {[%clk 0:51:21]} 17...
Bb7 {[%clk 0:59:19]} 18. Re3 {[%clk 0:49:36]} 18... g5 {[%clk 0:54:24]} 19. Rg3
{[%clk 0:45:08]} 19... h6 {[%clk 0:53:53]} 20. h4 {[%clk 0:45:05]} 20... f6 {
[%clk 0:54:08]} 21. Re1 {[%clk 0:36:57]} 21... Kf7 {[%clk 0:52:16]} 22. hxg5 {
[%clk 0:35:35]} 22... hxg5 {[%clk 0:52:28]} 23. Bd2 {[%clk 0:29:38]} 23... Be7
{[%clk 0:48:52]} 24. Bg6+ {[%clk 0:19:44]} 24... Kxg6 {[%clk 0:48:33]} 25. Rxe7
{[%clk 0:20:09]} 25... Rfe8 {[%clk 0:47:53]} 26. Rge3 {[%clk 0:20:28]} 26...
Rxe7 {[%clk 0:47:51]} 27. Rxe7 {[%clk 0:20:56]} 27... Rc8 {[%clk 0:48:14]} 28.
g4 {[%clk 0:17:39]} 28... Ba6 {[%clk 0:47:18]} 29. f4 {[%clk 0:15:12]} 29...
gxf4 {[%clk 0:46:59]} 30. Bxf4 {[%clk 0:15:15]} 30... c5 {[%clk 0:47:03]} 31.
dxc5 {[%clk 0:14:31]} 31... bxc5 {[%clk 0:47:13]} 32. Re6 {[%clk 0:12:12]}
32... Bc4 {[%clk 0:47:34]} 33. g5 {[%clk 0:12:10]} 33... Rf8 {[%clk 0:47:51]}
34. Bd6 {[%clk 0:12:15]} 34... Rf7 {[%clk 0:48:15]} 35. Rxf6+ {[%clk 0:12:16]}
35... Rxf6 {[%clk 0:48:31]} 36. gxf6 {[%clk 0:12:43]} 36... Kxf6 { [%clk
0:48:54]} 37. Bxc5 {[%clk 0:13:11]} 37... a5 {[%clk 0:49:04]} 38. b4 { [%clk
0:12:49]} 38... axb4 {[%clk 0:49:16]} 39. cxb4 {[%clk 0:10:44]} 39... Ke5
{[%clk 0:49:21]} 40. Kf2 {[%clk 0:10:32]} 40... Ke4 {[%clk 0:49:27]} 41. a4 {
[%clk 0:09:53]} 41... Bb3 {[%clk 0:49:52]} 42. a5 {[%clk 0:09:25]} 42... Bc4 {
[%clk 0:50:19]} 43. Bb6 {[%clk 0:09:01]} 1/2-1/2

[Event "ODJM B 2018"]
[Site "Willingen GER"]
[Date "2018.05.21"]
[Round "3"]
[White "Plum, Paul"]
[Black "Breß, Aaron"]
[Result "0-1"]
[Termination "normal"]
[Board "12"]
[WhiteElo "1601"]
[BlackElo "1701"]
[WhiteClock "01:20:17"]
[BlackClock "00:28:16"]
[PlyCount "110"]
[WhiteFideId "16225678"]
[BlackFideId "12996432"]
[EventCountry "GER"]
[EventRounds "9"]
[EventType "swiss"]
[EventDate "2018.05.19"]

1. e4 {[%clk 1:30:57]} 1... c5 {[%clk 1:30:42]} 2. Nc3 {[%clk 1:31:20]} 2... e6
{[%clk 1:30:12]} 3. g3 {[%clk 1:31:21]} 3... Nc6 {[%clk 1:29:32]} 4. Bg2 {
[%clk 1:31:43]} 4... g6 {[%clk 1:29:26]} 5. d3 {[%clk 1:32:05]} 5... Bg7 {
[%clk 1:27:25]} 6. Be3 {[%clk 1:32:11]} 6... d6 {[%clk 1:24:22]} 7. Qd2 { [%clk
1:32:05]} 7... Nd4 {[%clk 1:22:43]} 8. Nge2 {[%clk 1:31:50]} 8... Ne7 { [%clk
1:22:09]} 9. O-O-O {[%clk 1:31:20]} 9... Qa5 {[%clk 1:16:46]} 10. a3 { [%clk
1:26:58]} 10... Nec6 {[%clk 1:07:46]} 11. Bh6 {[%clk 1:22:59]} 11... Nxe2+
{[%clk 1:01:21]} 12. Nxe2 {[%clk 1:23:18]} 12... Qxd2+ {[%clk 0:56:04]} 13.
Bxd2 {[%clk 1:23:43]} 13... Nd4 {[%clk 0:55:37]} 14. Nxd4 {[%clk 1:24:04]}
14... cxd4 {[%clk 0:49:58]} 15. c3 {[%clk 1:21:26]} 15... Bd7 {[%clk 0:49:32]}
16. c4 {[%clk 1:20:17]} 16... Ba4 {[%clk 0:45:34]} 17. Rde1 {[%clk 1:20:14]}
17... Rc8 {[%clk 0:43:54]} 18. Kb1 {[%clk 1:20:23]} 18... b5 {[%clk 0:40:49]}
19. Rc1 {[%clk 1:20:20]} 19... bxc4 {[%clk 0:37:05]} 20. Rxc4 {[%clk 1:20:42]}
20... Rxc4 {[%clk 0:36:11]} 21. dxc4 {[%clk 1:21:07]} 21... Kd7 {[%clk 0:33:51]
} 22. Rc1 {[%clk 1:19:46]} 22... d3 {[%clk 0:34:03]} 23. Bf3 {[%clk 1:15:45]}
23... Rc8 {[%clk 0:32:34]} 24. Ka2 {[%clk 1:12:15]} 24... Bc2 {[%clk 0:30:18]}
25. b3 {[%clk 1:12:18]} 25... Rb8 {[%clk 0:30:27]} 26. Bd1 {[%clk 1:12:03]}
26... Rxb3 {[%clk 0:28:58]} 27. Bxc2 {[%clk 1:12:11]} 27... Rb2+ { [%clk
0:29:19]} 28. Ka1 {[%clk 1:12:32]} 28... Rxc2+ {[%clk 0:29:28]} 29. Kb1 { [%clk
1:12:43]} 29... Rb2+ {[%clk 0:29:53]} 30. Ka1 {[%clk 1:13:04]} 30... Rxd2+
{[%clk 0:30:18]} 31. Kb1 {[%clk 1:13:27]} 31... Rb2+ {[%clk 0:30:33]} 32. Ka1
{[%clk 1:13:48]} 32... Re2+ {[%clk 0:30:04]} 33. Kb1 {[%clk 1:14:11]} 33...
Rb2+ {[%clk 0:29:06]} 34. Ka1 {[%clk 1:14:32]} 34... Rxf2+ {[%clk 0:29:31]} 35.
Kb1 {[%clk 1:14:44]} 35... Rb2+ {[%clk 0:29:39]} 36. Ka1 {[%clk 1:13:10]} 36...
Rxh2+ {[%clk 0:30:00]} 37. Kb1 {[%clk 1:13:35]} 37... Rb2+ {[%clk 0:29:50]} 38.
Ka1 {[%clk 1:14:01]} 38... Rc2+ {[%clk 0:28:54]} 39. Kb1 {[%clk 1:14:24]} 39...
Rxc1+ {[%clk 0:29:07]} 40. Kxc1 {[%clk 1:14:50]} 40... Bc3 {[%clk 0:29:32]} 41.
Kd1 {[%clk 1:15:10]} 41... h5 {[%clk 0:29:33]} 42. a4 {[%clk 1:15:30]} 42... g5
{[%clk 0:29:50]} 43. Kc1 {[%clk 1:15:46]} 43... h4 {[%clk 0:30:08]} 44. gxh4 {
[%clk 1:16:12]} 44... gxh4 {[%clk 0:30:19]} 45. Kb1 {[%clk 1:16:39]} 45... h3 {
[%clk 0:30:15]} 46. Ka2 {[%clk 1:16:57]} 46... h2 {[%clk 0:30:22]} 47. Kb3 {
[%clk 1:17:23]} 47... h1=Q {[%clk 0:29:45]} 48. Kxc3 {[%clk 1:17:49]} 48... Qd1
{[%clk 0:28:49]} 49. a5 {[%clk 1:18:09]} 49... Qc2+ {[%clk 0:28:48]} 50. Kb4 {
[%clk 1:18:29]} 50... d2 {[%clk 0:28:47]} 51. Kb5 {[%clk 1:18:52]} 51... d1=Q {
[%clk 0:28:08]} 52. e5 {[%clk 1:19:10]} 52... Qdb1+ {[%clk 0:28:12]} 53. Ka6 {
[%clk 1:19:33]} 53... Qxc4+ {[%clk 0:28:21]} 54. Kxa7 {[%clk 1:19:55]} 54...
Qc7+ {[%clk 0:28:16]} 55. Ka6 {[%clk 1:20:17]} 55... Qbb7# 0-1

[Event "ODJM B 2018"]
[Site "Willingen GER"]
[Date "2018.05.21"]
[Round "3"]
[White "Noever, Niklas"]
[Black "Celik, Cem"]
[Result "1/2-1/2"]
[Termination "normal"]
[Board "13"]
[WhiteElo "1707"]
[BlackElo "1800"]
[PlyCount "48"]
[WhiteFideId "12988642"]
[BlackFideId "16206673"]
[EventCountry "GER"]
[EventRounds "9"]
[EventType "swiss"]
[EventDate "2018.05.19"]

1. e4 e5 2. Nf3 Nc6 3. Bb5 d6 4. d3 Be7 5. h3 f5 6. Nc3 Nf6 7. Bc4 Na5 8. Bb3
Nxb3 9. axb3 O-O 10. Be3 c5 11. Bg5 h6 12. Bxf6 Bxf6 13. Nd5 Be6 14. c4 f4 15.
Qd2 b5 16. Qc3 b4 17. Qc2 Qd7 18. Qe2 a5 19. Nb6 Qf7 20. Nxa8 Rxa8 21. Nh2 Bd8
22. Qf3 Bf6 23. Ng4 Be7 24. Nh2 Bf6 1/2-1/2

[Event "ODJM B 2018"]
[Site "Willingen GER"]
[Date "2018.05.21"]
[Round "3"]
[White "Cozzuto, Alessandro"]
[Black "Arnold, Leander"]
[Result "1/2-1/2"]
[Termination "normal"]
[Board "14"]
[WhiteElo "1531"]
[BlackElo "1808"]
[PlyCount "41"]
[WhiteFideId "12990744"]
[BlackFideId "12990230"]
[EventCountry "GER"]
[EventRounds "9"]
[EventType "swiss"]
[EventDate "2018.05.19"]

1. c4 Nf6 2. Nc3 g6 3. d4 Bg7 4. e4 d6 5. Nf3 O-O 6. Be2 c5 7. d5 e6 8. Bg5 Re8
9. Qd2 Qb6 10. Rb1 exd5 11. Bxf6 Bxf6 12. Nxd5 Qd8 13. Qf4 Bg7 14. O-O Nc6 15.
Rfe1 Be6 16. Bd3 Bxd5 17. exd5 Ne5 18. Nxe5 Bxe5 19. Qd2 b6 20. b3 Rb8 21. h3
1/2-1/2

[Event "ODJM B 2018"]
[Site "Willingen GER"]
[Date "2018.05.21"]
[Round "3"]
[White "Zieringer, Sebastian"]
[Black "Straßburg, Robin Leonard"]
[Result "1/2-1/2"]
[Termination "normal"]
[Board "15"]
[WhiteElo "1751"]
[BlackElo "1732"]
[PlyCount "108"]
[WhiteFideId "16222008"]
[BlackFideId "16210018"]
[EventCountry "GER"]
[EventRounds "9"]
[EventType "swiss"]
[EventDate "2018.05.19"]

1. e4 d5 2. exd5 Qxd5 3. Nc3 Qd8 4. d4 Nf6 5. Nf3 Bg4 6. h3 Bxf3 7. Qxf3 c6 8.
Be3 e6 9. Bd3 Bd6 10. O-O Nbd7 11. Rad1 O-O 12. g4 Nd5 13. Nxd5 cxd5 14. g5 f5
15. c4 dxc4 16. Bxc4 Qe7 17. Bf4 Bxf4 18. Qxf4 Nb6 19. Bb3 Qd7 20. Rfe1 Nd5 21.
Qf3 Rfe8 22. Re5 Rad8 23. Rde1 g6 24. Bxd5 exd5 25. Rxe8+ Rxe8 26. Rxe8+ Qxe8
27. Qxd5+ Kf8 28. Qe5 Qf7 29. d5 Qe7 30. Qh8+ Kf7 31. Qxh7+ Kf8 32. Qh4 b5 33.
Qf4 a5 34. h4 b4 35. d6 Qe6 36. Qd4 Ke8 37. b3 Kd7 38. Kg2 Qe2 39. Qe3 Qg4+ 40.
Qg3 Qe2 41. Qf3 Qxa2 42. h5 gxh5 43. Qxf5+ Kxd6 44. Qf8+ Kd7 45. Qf7+ Kd6 46.
g6 Qe2 47. Qf4+ Kd7 48. g7 Qe6 49. Qg5 Qg8 50. Qg6 a4 51. bxa4 b3 52. Qg5 Ke6
53. Qh6+ Kf7 54. Qxh5+ Kxg7 1/2-1/2

[Event "ODJM B 2018"]
[Site "Willingen GER"]
[Date "2018.05.21"]
[Round "3"]
[White "Werner, Tom"]
[Black "Thorz, Maximilian"]
[Result "0-1"]
[Termination "normal"]
[Board "16"]
[WhiteElo "1615"]
[BlackElo "1639"]
[PlyCount "92"]
[WhiteFideId "16223756"]
[BlackFideId "16220668"]
[EventCountry "GER"]
[EventRounds "9"]
[EventType "swiss"]
[EventDate "2018.05.19"]

1. c4 Nf6 2. d4 d5 3. Nc3 Bf5 4. Nf3 c6 5. Bg5 e6 6. e3 Be7 7. cxd5 cxd5 8.
Bb5+ Nbd7 9. Ne5 O-O 10. Bxf6 Nxf6 11. O-O a6 12. Bd3 Bxd3 13. Qxd3 Nd7 14.
Nxd7 Qxd7 15. Rac1 Rac8 16. Ne2 Qa4 17. a3 Bd6 18. Rc3 Rxc3 19. Qxc3 Qc4 20.
Qd2 Qb5 21. Rc1 g6 22. Rc3 Rd8 23. Qc2 Rd7 24. g3 Qa5 25. b4 Qb6 26. Qa4 Rc7
27. Qb3 Qb5 28. Rxc7 Bxc7 29. Qc3 Qc4 30. Kf1 Kf8 31. Qxc4 dxc4 32. Nc3 Bd6 33.
Nb1 Ke7 34. Ke2 Kd7 35. Kd2 Kc6 36. Kc3 b5 37. a4 Kd5 38. axb5 axb5 39. Na3 Kc6
40. e4 Be7 41. g4 Bg5 42. Kc2 Bh4 43. d5+ exd5 44. exd5+ Kxd5 45. Nxb5 Bxf2 46.
Nc7+ Kc6 0-1

[Event "ODJM B 2018"]
[Site "Willingen GER"]
[Date "2018.05.21"]
[Round "3"]
[White "Grob, Marvin"]
[Black "Knerr, Sebastian"]
[Result "0-1"]
[Termination "normal"]
[Board "17"]
[WhiteElo "1774"]
[BlackElo "1742"]
[PlyCount "68"]
[WhiteFideId "16247817"]
[BlackFideId "16266013"]
[EventCountry "GER"]
[EventRounds "9"]
[EventType "swiss"]
[EventDate "2018.05.19"]

1. e4 e5 2. Nf3 Nf6 3. Nxe5 d6 4. Nf3 Nxe4 5. Nc3 Nxc3 6. dxc3 Nc6 7. Be3 Bg4
8. h3 Be6 9. Ng5 Be7 10. Nxe6 fxe6 11. Qh5+ g6 12. Qg4 Qd7 13. Bc4 d5 14. O-O-O
Ne5 15. Qd4 Bf6 16. Be2 O-O 17. Qd2 Qa4 18. Kb1 b5 19. h4 Nc4 20. Bxc4 bxc4 21.
Bd4 Rab8 22. Ka1 Qb5 23. b3 e5 24. h5 exd4 25. hxg6 hxg6 26. Qh6 Kf7 27. Qh7+
Bg7 28. Rh3 Rb6 29. Re1 Qd7 30. Rf3+ Rf6 31. Qh4 Rxf3 32. gxf3 d3 33. Kb2 d4
34. cxd3 cxd3 0-1

[Event "ODJM B 2018"]
[Site "Willingen GER"]
[Date "2018.05.21"]
[Round "3"]
[White "Reyher, Susan"]
[Black "Yeremyan, Nazik"]
[Result "0-1"]
[Termination "normal"]
[Board "18"]
[WhiteElo "1759"]
[BlackElo "1681"]
[PlyCount "42"]
[WhiteFideId "24686107"]
[BlackFideId "13311468"]
[EventCountry "GER"]
[EventRounds "9"]
[EventType "swiss"]
[EventDate "2018.05.19"]

1. e4 e5 2. Bc4 Nf6 3. d3 Bc5 4. Nc3 c6 5. Nf3 d6 6. h3 h6 7. Be3 Bxe3 8. fxe3
O-O 9. Bb3 Re8 10. O-O Nbd7 11. Qe1 Nc5 12. Nh4 a5 13. a4 Nxa4 14. Bxa4 b5 15.
Bb3 a4 16. Bxf7+ Kxf7 17. Qg3 Kg8 18. Rf2 Be6 19. Raf1 Nh5 20. Qg6 Qxh4 21. g4
Qg3+ 0-1

[Event "ODJM B 2018"]
[Site "Willingen GER"]
[Date "2018.05.21"]
[Round "3"]
[White "Rösch, Felix"]
[Black "Schmidt, Arne"]
[Result "1-0"]
[Termination "normal"]
[Board "19"]
[WhiteElo "1487"]
[BlackElo "1727"]
[PlyCount "57"]
[WhiteFideId "12972363"]
[BlackFideId "16263154"]
[EventCountry "GER"]
[EventRounds "9"]
[EventType "swiss"]
[EventDate "2018.05.19"]

1. e4 c5 2. Nf3 Nc6 3. d4 cxd4 4. Nxd4 e5 5. Nb3 Nf6 6. Nc3 Be7 7. f3 O-O 8.
Be3 d6 9. Qd2 Be6 10. Nd5 Bxd5 11. exd5 Nb8 12. O-O-O a5 13. h4 a4 14. Na1 a3
15. b3 Nbd7 16. g4 Nb6 17. c4 Qc7 18. Nc2 Nbd7 19. h5 e4 20. g5 Ne5 21. gxf6
Nxf3 22. fxe7 Nxd2 23. exf8=Q+ Kxf8 24. Kxd2 b5 25. Nd4 Qa5+ 26. Kc2 bxc4 27.
Bxc4 Qd8 28. Rdf1 Rc8 29. Ne6+ 1-0

[Event "ODJM B 2018"]
[Site "Willingen GER"]
[Date "2018.05.21"]
[Round "3"]
[White "Schneider, Edward"]
[Black "Stülcken, Philipp"]
[Result "1-0"]
[Termination "normal"]
[Board "20"]
[WhiteElo "1768"]
[BlackElo "1399"]
[PlyCount "107"]
[WhiteFideId "16200870"]
[BlackFideId "12986232"]
[EventCountry "GER"]
[EventRounds "9"]
[EventType "swiss"]
[EventDate "2018.05.19"]

1. e4 e5 2. Nf3 Nc6 3. Bc4 Nf6 4. d4 exd4 5. e5 d5 6. Bb5 Ne4 7. Nxd4 Bd7 8.
Bxc6 bxc6 9. O-O Be7 10. f3 Ng5 11. f4 Ne4 12. c3 Rb8 13. Qc2 O-O 14. Be3 Rb7
15. Nd2 Nxd2 16. Qxd2 Qb8 17. b3 c5 18. Ne2 c6 19. Ng3 a5 20. Rae1 f6 21. exf6
Rxf6 22. f5 Bd6 23. Bf4 Bxf4 24. Rxf4 Qd6 25. Rd1 Rf7 26. Qf2 Rb8 27. Ne4 Qe5
28. Nxc5 Qxc3 29. Nxd7 Rxd7 30. f6 Rf8 31. fxg7 Rxf4 32. Qxf4 Rxg7 33. Qb8+ Kf7
34. Rf1+ Kg6 35. Qd6+ Kh5 36. Rf5+ Rg5 37. g4+ Kxg4 38. Qf4+ Kh3+ 39. Qxg5 Qd4+
40. Kf1 Qd1+ 41. Kf2 Qc2+ 42. Ke1 Qb1+ 43. Ke2 Qc2+ 44. Kf3 Qe4+ 45. Kf2 Qc2+
46. Kf1 Qd3+ 47. Ke1 Qb1+ 48. Kd2 Qxa2+ 49. Kc3 Qa1+ 50. Kd3 Qb1+ 51. Kd4 Qe4+
52. Kc3 Qb4+ 53. Kb2 Qd4+ 54. Ka2 1-0

[Event "ODJM B 2018"]
[Site "Willingen GER"]
[Date "2018.05.21"]
[Round "3"]
[White "Wichert, Eddi"]
[Black "Kublanov, Carolin"]
[Result "1-0"]
[Termination "normal"]
[Board "21"]
[WhiteElo "1599"]
[BlackElo "1750"]
[PlyCount "37"]
[WhiteFideId "16266048"]
[BlackFideId "12944548"]
[EventCountry "GER"]
[EventRounds "9"]
[EventType "swiss"]
[EventDate "2018.05.19"]

1. e4 g6 2. Nc3 Bg7 3. Bc4 d6 4. d3 a6 5. a4 Nd7 6. f4 Ngf6 7. Nf3 e6 8. O-O c5
9. Qe1 Qc7 10. f5 gxf5 11. exf5 Ne5 12. Nxe5 dxe5 13. fxe6 Bxe6 14. Bxe6 fxe6
15. Bg5 Ng4 16. Ne4 Rg8 17. Qh4 h6 18. Qxg4 hxg5 19. Qxe6+ 1-0

[Event "ODJM B 2018"]
[Site "Willingen GER"]
[Date "2018.05.21"]
[Round "3"]
[White "Poggemann, Alexander"]
[Black "Adelmeyer, Matti"]
[Result "0-1"]
[Termination "normal"]
[Board "22"]
[WhiteElo "1519"]
[BlackElo "1733"]
[PlyCount "50"]
[WhiteFideId "16224167"]
[BlackFideId "12962520"]
[EventCountry "GER"]
[EventRounds "9"]
[EventType "swiss"]
[EventDate "2018.05.19"]

1. e4 e5 2. Nf3 Nc6 3. Bc4 Bc5 4. c3 Nf6 5. d4 exd4 6. e5 d5 7. Be2 Ne4 8. cxd4
Bb4+ 9. Nbd2 O-O 10. O-O Bg4 11. Nb3 a5 12. a4 f6 13. exf6 Qxf6 14. Ne5 Bxe2
15. Qxe2 Nxe5 16. dxe5 Qxe5 17. f3 Bd6 18. g4 Nf6 19. Qxe5 Bxe5 20. h3 b6 21.
f4 Bd6 22. Kg2 c5 23. Be3 d4 24. Bxd4 cxd4 25. Nxd4 Nd5 0-1

[Event "ODJM B 2018"]
[Site "Willingen GER"]
[Date "2018.05.21"]
[Round "3"]
[White "von der Weyden, Louis"]
[Black "Wieber, Dominik"]
[Result "1/2-1/2"]
[Termination "normal"]
[Board "23"]
[WhiteElo "1504"]
[BlackElo "1790"]
[PlyCount "84"]
[WhiteFideId "16207050"]
[BlackFideId "24699012"]
[EventCountry "GER"]
[EventRounds "9"]
[EventType "swiss"]
[EventDate "2018.05.19"]

1. c4 e5 2. Nc3 g6 3. g3 Bg7 4. Bg2 Ne7 5. e3 c5 6. Nge2 O-O 7. O-O Nbc6 8. f4
d6 9. d3 Rb8 10. Qc2 a6 11. b3 Bf5 12. Bb2 Qc7 13. Ne4 Nb4 14. Qd2 exf4 15.
Nxf4 Bxe4 16. Bxe4 Qd7 17. Bxg7 Kxg7 18. d4 Rbd8 19. Rfd1 Qc8 20. Qc3 f6 21. d5
Qg4 22. Ne6+ Kg8 23. Bg2 Nxa2 24. Qb2 Nb4 25. Nxd8 Rxd8 26. Qxf6 Re8 27. Rf1
Nf5 28. Bf3 Qh3 29. e4 Ne3 30. Rf2 Nd3 31. Bg4 Nxf2 32. Bxh3 Nxh3+ 33. Kh1 Ng4
34. Qxd6 Rf8 35. Kg2 Ng5 36. Kh1 Nf2+ 37. Kg2 Nfxe4 38. Qe7 Rf2+ 39. Kh1 Nf3
40. Qe8+ Kg7 41. Qe7+ Kg8 42. Qe8+ Kg7 1/2-1/2

[Event "ODJM B 2018"]
[Site "Willingen GER"]
[Date "2018.05.21"]
[Round "3"]
[White "Svane, Freja"]
[Black "Alferova, Ekaterina"]
[Result "1-0"]
[Termination "normal"]
[Board "25"]
[WhiteElo "1622"]
[BlackElo "1600"]
[PlyCount "113"]
[WhiteFideId "12940100"]
[BlackFideId "16217250"]
[EventCountry "GER"]
[EventRounds "9"]
[EventType "swiss"]
[EventDate "2018.05.19"]

1. d4 Nf6 2. Nf3 e6 3. c4 b6 4. Nc3 Bb4 5. Bd2 Bb7 6. e3 O-O 7. Be2 d6 8. O-O
Nbd7 9. Nb1 Bxd2 10. Nbxd2 c5 11. Qc2 Qe7 12. Bd3 h6 13. Ne4 Rfc8 14. dxc5 dxc5
15. Rfd1 Rd8 16. b3 Rac8 17. Nd6 Rb8 18. Nxb7 Rxb7 19. Rd2 Rbb8 20. Rad1 Nf8
21. Ne5 Qc7 22. Qc3 N8d7 23. Nf3 Ng4 24. Be2 Nde5 25. Rxd8+ Rxd8 26. Rxd8+ Qxd8
27. Nxe5 Nxe5 28. Qxe5 Qd2 29. Qh5 Qxa2 30. Bd1 Qa1 31. Qe2 Kf8 32. Kf1 Ke7 33.
Ke1 Qe5 34. f4 Qc3+ 35. Qd2 Qxd2+ 36. Kxd2 Kd6 37. Kd3 a6 38. e4 e5 39. g3 f6
40. Bh5 b5 41. cxb5 axb5 42. Be8 c4+ 43. bxc4 bxc4+ 44. Kxc4 exf4 45. gxf4 g5
46. fxg5 hxg5 47. h3 Ke5 48. Bg6 Kd6 49. Kd4 Ke6 50. Kc5 Kd7 51. Kd5 Ke7 52.
Bf5 Kf7 53. Kd6 Kf8 54. Ke6 Kg7 55. Ke7 g4 56. Bxg4 Kg6 57. Bf5+ 1-0

[Event "ODJM B 2018"]
[Site "Willingen GER"]
[Date "2018.05.21"]
[Round "3"]
[White "Eulitz, Charlotte"]
[Black "Kolb, Tobias"]
[Result "1/2-1/2"]
[Termination "normal"]
[Board "26"]
[WhiteElo "1547"]
[BlackElo "1740"]
[PlyCount "81"]
[WhiteFideId "12964654"]
[BlackFideId "12992321"]
[EventCountry "GER"]
[EventRounds "9"]
[EventType "swiss"]
[EventDate "2018.05.19"]

1. e4 c6 2. d4 d5 3. e5 Bf5 4. Nf3 e6 5. Be2 c5 6. Nbd2 Qc7 7. Nh4 Ne7 8. Bb5+
Nbc6 9. c3 a6 10. Bxc6+ bxc6 11. Nb3 c4 12. Nc5 Bg6 13. b3 Nf5 14. Nxg6 hxg6
15. Ba3 Bxc5 16. Bxc5 cxb3 17. axb3 f6 18. Qe2 Qc8 19. h3 Kf7 20. O-O Qb7 21.
exf6 gxf6 22. Ra3 Rhc8 23. Rfa1 a5 24. Qa2 Ra6 25. b4 a4 26. Rxa4 Rxa4 27. Qxa4
e5 28. Qa7 Rc7 29. Bb6 Qxa7 30. Rxa7 Rxa7 31. Bxa7 Nd6 32. dxe5 fxe5 33. Bb8
Ke6 34. Bxd6 Kxd6 35. Kf1 c5 36. b5 c4 37. Ke2 Kc5 38. b6 Kxb6 39. Kd2 Kc6 40.
h4 Kd6 41. f3 1/2-1/2

[Event "ODJM B 2018"]
[Site "Willingen GER"]
[Date "2018.05.21"]
[Round "3"]
[White "Schelhorn, Paul"]
[Black "Rautenberg, Jakob"]
[Result "1/2-1/2"]
[Termination "normal"]
[Board "27"]
[WhiteElo "1759"]
[BlackElo "1519"]
[PlyCount "70"]
[WhiteFideId "12964077"]
[BlackFideId "16214749"]
[EventCountry "GER"]
[EventRounds "9"]
[EventType "swiss"]
[EventDate "2018.05.19"]

1. d4 d5 2. c4 e6 3. Nc3 Nf6 4. Bg5 Be7 5. Nf3 Nbd7 6. e3 O-O 7. Qc2 h6 8. Bh4
b6 9. cxd5 exd5 10. Bd3 Bb7 11. a3 c5 12. b3 Rc8 13. Qb2 Ne4 14. Bxe7 Qxe7 15.
Rc1 Ndf6 16. O-O Rfe8 17. Ne2 Qd6 18. h3 Re7 19. Nh4 Rec7 20. f3 Ng3 21. Nxg3
Qxg3 22. Nf5 Qg5 23. f4 Qh5 24. g4 Qxh3 25. Rc2 c4 26. Rh2 Qxg4+ 27. Rg2 Qh5
28. Nxg7 Qh3 29. Ne6+ Kh8 30. Nxc7 Rxc7 31. Bb1 Ng4 32. Qc2 Qxe3+ 33. Rff2 Qe1+
34. Rf1 Qe3+ 35. Kh1 Qh3+ 1/2-1/2

[Event "ODJM B 2018"]
[Site "Willingen GER"]
[Date "2018.05.21"]
[Round "3"]
[White "Strack, Patrick"]
[Black "Pflugradt, Natalie"]
[Result "1/2-1/2"]
[Termination "normal"]
[Board "28"]
[WhiteElo "1742"]
[BlackElo "1431"]
[PlyCount "76"]
[WhiteFideId "16266021"]
[BlackFideId "16212444"]
[EventCountry "GER"]
[EventRounds "9"]
[EventType "swiss"]
[EventDate "2018.05.19"]

1. e4 e5 2. Nf3 Nc6 3. Bc4 Bc5 4. b4 Bxb4 5. c3 Ba5 6. d4 d6 7. O-O Bb6 8. dxe5
dxe5 9. Qxd8+ Nxd8 10. Nxe5 Be6 11. Nd2 Ne7 12. Ba3 Bxc4 13. Ndxc4 Ne6 14. Rad1
Bc5 15. Rd3 b5 16. Rg3 bxc4 17. Bxc5 Nxc5 18. Rxg7 f6 19. Nxc4 Ne6 20. Rg3
O-O-O 21. Rb1 Nc6 22. Re3 Rhe8 23. f3 Nf4 24. g3 Nd3 25. Rb5 Nde5 26. Nxe5 Rxe5
27. Rb2 f5 28. Kg2 a6 29. c4 Rd4 30. Ra3 fxe4 31. fxe4 Rdxe4 32. Rxa6 Re2+ 33.
Rxe2 Rxe2+ 34. Kf3 Re6 35. Ra8+ Kb7 36. Ra4 Nd4+ 37. Kf4 c5 38. Ra3 Kb6 1/2-1/2

[Event "ODJM B 2018"]
[Site "Willingen GER"]
[Date "2018.05.21"]
[Round "3"]
[White "Udaykumar, Arunn Mark"]
[Black "Henzgen, Nick"]
[Result "1-0"]
[Termination "normal"]
[Board "29"]
[WhiteElo "1765"]
[BlackElo "1633"]
[PlyCount "127"]
[WhiteFideId "12965456"]
[BlackFideId "16212347"]
[EventCountry "GER"]
[EventRounds "9"]
[EventType "swiss"]
[EventDate "2018.05.19"]

1. e4 c6 2. d4 d5 3. Nd2 dxe4 4. Nxe4 Bf5 5. Ng3 Bg6 6. Nf3 e6 7. c3 Bd6 8. Bd3
Nf6 9. Bxg6 hxg6 10. Bg5 Nbd7 11. Ne4 Be7 12. Nxf6+ Nxf6 13. Qe2 Qc7 14. Ne5 c5
15. Qb5+ Kf8 16. Bxf6 gxf6 17. Nd7+ Kg7 18. Nxc5 b6 19. Nb3 Rxh2 20. Rxh2 Qxh2
21. g3 Qh1+ 22. Qf1 Qc6 23. O-O-O a5 24. Qh1 Qc8 25. Qh3 Qh8 26. Rh1 Qxh3 27.
Rxh3 a4 28. Nd2 b5 29. a3 Rc8 30. Kd1 e5 31. Nf3 Rd8 32. Ke2 Re8 33. Kd2 Rd8
34. Ke3 Re8 35. Rh1 exd4+ 36. Kxd4 Rd8+ 37. Ke3 f5 38. Nd4 Bc5 39. Rd1 Kf6 40.
Ke2 Re8+ 41. Kd3 Rd8 42. Kc2 Bxd4 43. cxd4 Rd5 44. f4 Kg7 45. Kc3 f6 46. Re1
Kf7 47. Kd3 Rd7 48. Rc1 Ke6 49. Rc5 Rd5 50. Rc6+ Rd6 51. Rxd6+ Kxd6 52. Kc3 g5
53. Kb4 Kd5 54. Kxb5 gxf4 55. gxf4 Kxd4 56. Kxa4 Ke4 57. b4 Kxf4 58. b5 Ke3 59.
b6 f4 60. b7 f3 61. b8=Q f2 62. Qb6+ Ke2 63. Qxf6 f1=Q 64. Qxf1+ 1-0

[Event "ODJM B 2018"]
[Site "Willingen GER"]
[Date "2018.05.21"]
[Round "3"]
[White "Kistner, Sinan"]
[Black "Fuchs, Florian"]
[Result "1/2-1/2"]
[Termination "normal"]
[Board "30"]
[WhiteElo "1552"]
[BlackElo "1661"]
[PlyCount "43"]
[WhiteFideId "16219643"]
[BlackFideId "16213351"]
[EventCountry "GER"]
[EventRounds "9"]
[EventType "swiss"]
[EventDate "2018.05.19"]

1. c4 e5 2. Nc3 d6 3. g3 f5 4. Bg2 Nf6 5. Nf3 Be7 6. O-O O-O 7. d4 e4 8. Ne1 c6
9. d5 Nbd7 10. Bf4 Nb6 11. b3 Nh5 12. Be3 Bd7 13. Nc2 Bf6 14. Bd4 c5 15. Bxf6
Nxf6 16. f4 Qe8 17. e3 h5 18. h4 Qg6 19. Kh2 Ng4+ 20. Kg1 Nf6 21. Kh2 Ng4+ 22.
Kg1 1/2-1/2